000 00639nam a2200241 a 4500
005 20210219153055.0
008 991125n 000 0 u
035 _aUPN01000076454
100 _aGisolfi, A.
222 0 _aEDUCATIONAL TECHNOLOGY
245 0 _aEnhancing the learning process with expert systems
300 _a25-32
362 _a33, No. 1, 1993
505 _aJunio 1993
653 0 _aDISEÑO ASISTIDO POR ORDENADOR
653 0 _aGRAMATICA
653 0 _aPROCESOS DE APRENDIZAJES
653 0 _aSISTEMAS EXPERTOS
700 _aBalzano, W.
700 _aDattolo, A.
904 _aAC
_b014265
905 _aArticulo
999 _c67794
_d67794